<?xml version="1.0" encoding="UTF-8"?>
<marc:record xmlns:marc="http://www.loc.gov/MARC21/slim">
   <marc:leader>00000nam a2200000 a 4500</marc:leader>
   <marc:datafield ind1="1" ind2=" " tag="100">
      <marc:subfield code="a">Novik, Naomi</marc:subfield>
      <marc:subfield code="4">aut</marc:subfield>
      <marc:subfield code="e">Verfasser/-in</marc:subfield>
   </marc:datafield>
   <marc:datafield ind1="0" ind2="0" tag="245">
      <marc:subfield code="a">Drachenbrut</marc:subfield>
   </marc:datafield>
   <marc:datafield ind1="0" ind2="0" tag="245">
      <marc:subfield code="b">die Feuerreiter Seiner Majestät, Teil 1</marc:subfield>
   </marc:datafield>
   <marc:datafield ind1=" " ind2="1" tag="264">
      <marc:subfield code="b">Blanvalet</marc:subfield>
      <marc:subfield code="c">2007</marc:subfield>
   </marc:datafield>
   <marc:datafield ind1="1" ind2=" " tag="490">
      <marc:subfield code="a">Die Feuerreiter seiner Majestät</marc:subfield>
   </marc:datafield>
   <marc:datafield ind1="1" ind2=" " tag="520">
      <marc:subfield code="a">Der englische Marinekapitän Will Laurence beschlagnahmt eine französische Fregatte auf See. Zu seiner Überraschung birgt das Schiff eine ungewöhnliche Ladung: ein Drachenei, das noch dazu kurz vor dem Schlüpfen steht. Laurence schafft es nicht mehr, seinen Fund rechtzeitig zum Festland zurückzubringen, und der Drache kommt auf dem Schiff zur Welt. Die besondere Natur der Drachen verlangt es, dass sie sich auf Lebenszeit an einen Menschen binden, und die Wahl des Drachenjungen, das auf den Namen Temeraire getauft wird, fällt auf Laurence.</marc:subfield>
   </marc:datafield>
   <marc:datafield ind1=" " ind2=" " tag="020">
      <marc:subfield code="a">9783442244430</marc:subfield>
      <marc:subfield code="9">9783442244430</marc:subfield>
   </marc:datafield>
</marc:record>
